000 00448nam a2200193Ia 4500
005 20240823022939.0
008 240823s9999||||xx |||||||||||||| ||und||
020 _a978-0-00-712096-3
041 _aENGLISH
082 _A823 J0
100 _aAgatha Christie
245 2 _aA Murder is Announced
250 _a1st
260 _c1950
_b"HarperCollins,L"
_aLondon
500 _aYES
650 _aNovel
_bEnglish
942 _cBK
999 _c180379
_d180379